UM Logo

Gray's anatomy for students/ (Record no. 5614)

MARC details
000 -LEADER
fixed length control field 00610nam a22001937a 4500
008 - FIXED-LENGTH DATA ELEMENTS--GENERAL INFORMATION
fixed length control field 161114b xxu||||| |||| 00| 0 eng d
020 ## - INTERNATIONAL STANDARD BOOK NUMBER
International Standard Book Number 978-0-7020-5131-9
082 ## - DEWEY DECIMAL CLASSIFICATION NUMBER
Edition number 2015
Classification number DC 571.3
Item number D78
100 ## - MAIN ENTRY--PERSONAL NAME
9 (RLIN) 17231
Personal name Drake, Richard L.
245 ## - TITLE STATEMENT
Title Gray's anatomy for students/
Statement of responsibility, etc. Richard L. Drake
250 ## - EDITION STATEMENT
Edition statement Third edition
260 ## - PUBLICATION, DISTRIBUTION, ETC. (IMPRINT)
Place of publication, distribution, etc. Philadelphia:
Name of publisher, distributor, etc. Churchill Livingstone Elsevier,
Date of publication, distribution, etc. c2015.
300 ## - PHYSICAL DESCRIPTION
Extent xxv, 1161 pages:
Other physical details color illustrations;
Dimensions 28 cm
500 ## - GENERAL NOTE
General note Includes index.
650 #0 - SUBJECT ADDED ENTRY--TOPICAL TERM
9 (RLIN) 17232
Topical term or geographic name as entry element Anatomy
700 ## - ADDED ENTRY--PERSONAL NAME
9 (RLIN) 17233
Personal name Vogl, A. Wayne
700 ## - ADDED ENTRY--PERSONAL NAME
9 (RLIN) 17234
Personal name Mitchell, Adam W.M
942 ## - ADDED ENTRY ELEMENTS (KOHA)
Source of classification or shelving scheme Dewey Decimal Classification
Koha item type Circulation
Holdings
Withdrawn status Lost status Source of classification or shelving scheme Damaged status Not for loan Collection code Home library Current library Date acquired Source of acquisition Cost, normal purchase price Total Checkouts Full call number Barcode Date last seen Date last checked out Cost, replacement price Price effective from Koha item type
    Dewey Decimal Classification     Circulation UM Digos College - LIC UM Digos College - LIC 10/27/2016 Purchased 0.00 1 DC 571.3 D78 2015 24530 05/15/2025 12/15/2016 0.00 11/14/2016 Circulation